Central Library OPAC University of Rajshahi

United States foreign policy in the Indo-Pakistan subcontinent, 1939-1947 / (Record no. 42215)

MARC details
000 -LEADER
fixed length control field 01202nam a2200289 a 4500
001 - CONTROL NUMBER
control field 42215
003 - CONTROL NUMBER IDENTIFIER
rucl marc code BD-RjUL
005 - DATE AND TIME OF LATEST TRANSACTION
control field 20211209053517.0
008 - FIXED-LENGTH DATA ELEMENTS--GENERAL INFORMATION
fixed length control field 160611m1968 pk b 001 0 eng
035 ## - SYSTEM CONTROL NUMBER
System control number (BD-RjUL)42333
040 ## - CATALOGING SOURCE
Original cataloging agency DLC
Transcribing agency DLC
Modifying agency DLC
-- BD-RjUL
Language of cataloging eng
041 ## - LANGUAGE CODE
Language code of text/sound track or separate title eng
082 00 - DEWEY DECIMAL CLASSIFICATION NUMBER
Classification number 327.73054
Edition number 23
Author mark and year ABU 1968
100 2# - MAIN ENTRY--PERSONAL NAME
Personal name Khair, Md. Abul
9 (RLIN) 129831
245 10 - TITLE STATEMENT
Title United States foreign policy in the Indo-Pakistan subcontinent, 1939-1947 /
Statement of responsibility, etc. [by] Md. Abul Khair.
260 ## - PUBLICATION, DISTRIBUTION, ETC. (IMPRINT)
Place of publication, distribution, etc. Dacca,
Name of publisher, distributor, etc. Asiatic Society of Pakistan,
Date of publication, distribution, etc. 1968,
300 ## - PHYSICAL DESCRIPTION
Pagination 136 p. ;
Size 26 cm.
410 20 - SERIES STATEMENT/ADDED ENTRY--CORPORATE NAME [OBSOLETE, CAN/MARC], [LOCAL, USA]
Corporate name or jurisdiction name as entry element Asiatic Society of Pakistan.
Title of a work Publication
Volume number/sequential designation no. 22
500 ## - GENERAL NOTE
General note "This book forms the first part of my doctoral dissertation 'United States Foreign Policy in the Indo-Pakistan Subcontinent, 1940-1955', submitted to the University of California, Berkeley, in 1962."
504 ## - BIBLIOGRAPHY, ETC. NOTE
Bibliography, etc Bibliography: v. 1 p. [117]-128.
505 0# - FORMATTED CONTENTS NOTE
Formatted contents note Vol. I
651 #0 - SUBJECT ADDED ENTRY--GEOGRAPHIC NAME
Geographic name United States
General subdivision Foreign relations
Geographic subdivision India.
9 (RLIN) 128143
Geographic name India
General subdivision Foreign relations
Geographic subdivision United States.
9 (RLIN) 128144
Geographic name United States
General subdivision Foreign relations
Geographic subdivision Pakistan.
9 (RLIN) 129832
Geographic name Pakistan
General subdivision Foreign relations
Geographic subdivision United States.
9 (RLIN) 129833
942 ## - ADDED ENTRY ELEMENTS (KOHA)
Source of classification or shelving scheme Dewey Decimal Classification
Koha item type Books
Holdings
Lost status Source of classification or shelving scheme Damaged status Not for loan Collection code Permanent Location Current Location Shelving location Date acquired Source of acquisition Cost, normal purchase price Total Checkouts Full call number Date last seen Copy number Koha item type
  Dewey Decimal Classification     Non-fiction Central Library, University of Rajshahi Central Library, University of Rajshahi   02/02/1910 Asiatik sosiety of Bangladesh, Dhaka 101.00   327.73054 KHU V-1 1968 11/06/2016 C-2 Books
  Dewey Decimal Classification     Non-fiction Central Library, University of Rajshahi Central Library, University of Rajshahi   02/02/1910 Asiatik sosiety of Bangladesh, Dhaka 101.00   327.73054 KHU V-1 1968 11/06/2016 C-3 Books
  Dewey Decimal Classification     Non-fiction Central Library, University of Rajshahi Central Library, University of Rajshahi   11/08/1969 Asiatik sosiety of Pakistan 10.00   327.73054 KHU V-1 1968 11/06/2016 C-4 Books
  Dewey Decimal Classification     Non-fiction Central Library, University of Rajshahi Central Library, University of Rajshahi   11/08/1969 Asiatik sosiety of Pakistan 101.00   327.73054 KHU V-1 1968 11/06/2016 C-5 Books
  Dewey Decimal Classification     Non-fiction Central Library, University of Rajshahi Central Library, University of Rajshahi   11/08/1969 Asiatik sosiety of Pakistan 101.00   327.73054 KHU V-1 1968 11/06/2016 C-6 Books
  Dewey Decimal Classification     Non-fiction Central Library, University of Rajshahi Central Library, University of Rajshahi   11/08/1969 Asiatik sosiety of Pakistan 101.00   327.73054 KHU V-1 1968 11/06/2016 C-7 Books
  Dewey Decimal Classification     Non-fiction Central Library, University of Rajshahi Central Library, University of Rajshahi   11/08/1969 Asiatik sosiety of Pakistan 101.00   327.73054 KHU V-1 1968 11/06/2016 C-8 Books
  Dewey Decimal Classification     Non-fiction Central Library, University of Rajshahi Central Library, University of Rajshahi   11/08/1969 Asiatik sosiety of Pakistan 101.00   327.73054 KHU V-1 1968 11/06/2016 C-9 Books